00227nam a2200097Ia 4500008004100000100001400041245003900055260001800094300000900112650000800121191201s2018 xx 000 0 und d aMISHRA,MN 0aInsurance Principles and Practices bS.Chandc2018 a1007 aBBA